000 00388nam a22001697a 4500
005 20160521104138.0
008 160521b xxu||||| |||| 00| 0 eng d
020 _a0-07-438-43-2
041 _aeng
082 _b3683
100 _aD.N. Rao
_9924
245 _aMaunfactory Technology
260 _aNew Delhi
_bTMH,
300 _a428
650 _aDIPLOMA ENGINEERING
_9817
942 _cBK
999 _c1264
_d1264